Sociedad y sistema (Record no. 16267)

MARC details
000 -LEADER
campo de control de longitud fija 00915nam a2200277 i 4500
001 - NÚMERO DE CONTROL
campo de control 16267
003 - IDENTIFICADOR DE NÚMERO DE CONTROL
campo de control ES-MaACL
005 - FECHA Y HORA DE LA ÚLTIMA TRANSACCIÓN
campo de control 20250809062545.0
007 - CAMPO FIJO DE DESCRIPCIÓN FÍSICA--INFORMACIÓN GENERAL
campo de control de longitud fija t|
008 - DATOS DE LONGITUD FIJA--INFORMACIÓN GENERAL
campo de control de longitud fija 000823s1997 sp ||||1| spa d
020 ## - NÚMERO INTERNACIONAL ESTÁNDAR DEL LIBRO
Número Internacional Estándar del Libro 84-7509-578-X
080 ## - NÚMERO DE LA CLASIFICACIÓN DECIMAL UNIVERSAL
Número de la Clasificación Decimal Universal 340.12
080 ## - NÚMERO DE LA CLASIFICACIÓN DECIMAL UNIVERSAL
Número de la Clasificación Decimal Universal 34:301
100 1# - ENTRADA PRINCIPAL--NOMBRE DE PERSONA
Nombre de persona Luhmann, Niklas.
9 (RLIN) 74673
245 10 - MENCIÓN DEL TÍTULO
Título Sociedad y sistema
Resto del título : la ambición de la teoría /
Mención de responsabilidad, etc. Niklas Luhmann ; introducción de Ignacio Izuzquiza.
250 ## - MENCION DE EDICION
Mención de edición 1ª ed., 1ª reimp.
260 ## - PUBLICACIÓN, DISTRIBUCIÓN, ETC.
Lugar de publicación, distribución, etc. Barcelona :
Nombre del editor, distribuidor, etc. Paidós :
-- I.C.E. de la Universidad Autónoma de Barcelona,
Fecha de publicación, distribución, etc. 1997.
300 ## - DESCRIPCIÓN FÍSICA
Extensión 144 p. ;
Dimensiones 20 cm.
490 1# - MENCIÓN DE SERIE
Mención de serie Pensamiento contemporáneo ;
Designación de volumen o secuencia 8
650 14 - PUNTO DE ACCESO ADICIONAL DE MATERIA--TÉRMINO DE MATERIA
Término de materia o nombre geográfico como elemento de entrada Sociología del derecho.
9 (RLIN) 17212
650 #4 - PUNTO DE ACCESO ADICIONAL DE MATERIA--TÉRMINO DE MATERIA
Término de materia o nombre geográfico como elemento de entrada Derecho-
Subdivisión general Filosofía
9 (RLIN) 11620
700 1# - ENTRADA AGREGADA--NOMBRE PERSONAL
Nombre de persona Izuzquiza, Ignacio.
9 (RLIN) 65753
830 0# - PUNTO DE ACCESO ADICIONAL DE SERIE-TÍTULO UNIFORME
Título uniforme Pensamiento contemporáneo ;
Designación de volumen o secuencia 8
9 (RLIN) 179725
852 ## - LOCALIZACIÓN
Ubicación ES-MaACL
Número de control de estantería L-23518
Sublocalización o colección R.128700
Holdings
Estatus retirado Estado de pérdida Estado de daño No para préstamo Biblioteca de origen Biblioteca actual Ubicación en estantería Fecha de adquisición Fuente de adquisición Total de préstamos Signatura topográfica completa Código de barras Visto por última vez Precio de reemplazo Tipo de ítem Koha
        Biblioteca del Ateneo de Madrid Biblioteca del Ateneo de Madrid Depósito 2 17/01/2008     L-23518 1016529 23/02/2023 23/02/2023 Libro impreso